Mnoho hlav, mnoho názorů
Konferencia WTO v Cancúne, 2003. Hlavné oblasti vyjednávania.
Na minha lista:
| Autor principal: | |
|---|---|
| Formato: | Capítulo de Livro |
| Idioma: | tcheco |
| Assuntos: | |
| Tags: |
Sem tags, seja o primeiro a adicionar uma tag!
|
MARC
| LEADER | 00000naa$a2200000$$$4500 | ||
|---|---|---|---|
| 001 | 0002323 | ||
| 005 | 20231004071325.3 | ||
| 041 | 0 | |a cze | |
| 044 | |a CZ | ||
| 245 | 1 | 0 | |a Mnoho hlav, mnoho názorů |c aut. Ludmila Štěrbová |
| 520 | |a Konferencia WTO v Cancúne, 2003. Hlavné oblasti vyjednávania. | ||
| 610 | 2 | 0 | |a obchod svetový |
| 610 | 2 | 0 | |a konferencie |
| 610 | 2 | 0 | |a Svetová obchodná organizácia |
| 610 | 2 | 0 | |a 2003 |
| 100 | 1 | |a Štěrbová, Ludmila | |